000 00967nam0a22002771 4500
001 RU\INFOCOMM_327\NLR\5000051284
005 20250613111918.0
035 _a(NLR Aleph) 009598953
090 _a9298353
_c9298353
100 _a20130306d1961 |||y0rusy50 ca
101 0 _aeng
102 _aRU
105 _ay z |||||
200 1 _aApplication of statistical and mathematical methods in the Soviet planning
_eReport to the International conference on input-output analysis
_fAcad. V. S. Nemtchinov
_gThe Akad. of sciences of the USSR
210 _aM.
_d1961
215 _a[2], 42 с.
_d20 см
309 _aЛитогр.
620 _aМосква
700 1 _9z01790
_aNemčinov
_bV. S.
_f1894-
_gVasilij Sergeevič
712 1 2 _aInternational conference on input-output analysis
_4570
790 1 _9z01700
_aNemtchinov
_bV. S.
_4070
801 1 _aRU
_bInfocomm
_c20130306
801 0 _aRU
_bINFOCOMM
_gPSBO
852 _aNLR
_jЭк21 Г-4/153
942 _cBOOK
980 _aNB